Responses for show #315 - Friday, November 22, 1985

1985 Tournament of Champions final game 2.

Contestants

Jerry Frankel, a musician and a composer originally from Buffalo, New York (subtotal of $6,100)

Bruce Fauman, a university administrator and professor from Vancouver, British Columbia (subtotal of $4,300)

Steve Rogitz, a letter carrier from Gardena, California (subtotal of $4,500)

Jeopardy! Round responses

PRESIDENTIAL QUOTES
HANDICRAFTS
THE 1950's
THE HOSPITAL
O'HOLLYWOOD
WINE
    $100 13
(Alex: And to be very exact, it was a jelly doughnut.)
[Howling laughter is heard from one of the players.]

John F. Kennedy

Bruce
    $100 26
cuckoo clocks

Bruce
    $100 1
Mike Hammer

Bruce
    $100 21
(Steve: I think I'll go to THE HOSPITAL for $100.)
(Alex: I hope you don't need it.)
[Audience laughter]

Bellevue

Steve
    $100 11
(Alex: [Before reading the first clue] Let's see what this is about.)

Carroll O'Connor

Jerry
    $100 6
(Alex: That's right. They have to be fresh grapes, too.)

grapes

Steve
    $200 14
John Adams

Steve
    $200 27
a sampler

Jerry
    $200 7
chlorophyll

Bruce
    $200 22
sterilization

Bruce
    $200 12
Peter O'Toole

Bruce
    $200 5
California

Bruce
    $300 15
Taft

Steve
    $300 28
origami (paper folding)

Bruce
    $300 8
(Alex: Yes, Buffalo Bob.
[Steve laughs, perhaps because he has beaten former Buffalo resident Jerry on the buzzer.]

Buffalo, New York

Steve
    $300 23
(Bruce: I've not done good on Audio Daily Doubles, Alex. I think I'm going to go for $300.)
(Alex: For $300, here is the music:)
[As the music plays, Bruce gets a frustrated, then resigned look on his face. The music continues.]
(Alex: I bet you don't even need the clue, but I'll give it to you anyway.)
...
(Bruce: Can I increase my bet?)
(Alex: No-o. A good thought.)
[Laughter]
(Bruce: [*].)
(Alex: [As Bruce speaks his response] What is...)
(Bruce: What is.)
[Applause]

the St. James Infirmary

Bruce
    $300 18
Donald O'Connor

Jerry
    $300 2
Pasteur

Jerry
    $400 16
Eisenhower

Steve
    $400 29
finger painting

Bruce
    $400 9
"I Saw Mommy Kissing Santa Claus"

Steve
    $400 24
a tumor

Bruce
    $400 19
Maureen O'Sullivan

Steve
    $400 3
fortified

Jerry
    $500 17
Grover Cleveland

Jerry
    $500 30
silversmith

Jerry
    $500 10
Allen Ginsberg

Jerry
    $500 25
(Alex: Yes, which patient to see first.)

who should get treatment

Bruce
    $500 20
(Alex: Ah, we stumped you with little [*]?)

Margaret O'Brien

Triple Stumper
    $500 4
varietal

Bruce

Scores at the first commercial break (after clue 13):

Steve Bruce Jerry
$800 $1,300 $1,300

Scores at the end of the Jeopardy! Round:

Steve Bruce Jerry
$2,200 $3,500 $2,800

Double Jeopardy! Round responses

INVENTIONS
RELIGIOUS HISTORY
U.S. CONSTITUTION
LOVE
STARTS WITH "U"
(Alex: And since we had WINE in the first round...)
WATER
    $200 16
(Alex: The car stayed where it was.)

Otis

Bruce
    $200 22
persecution for witchcraft

Steve
    $200 3
"What is the fact that you weren't born in the United States?"

Jerry
    $200 13
Narcissus

Bruce
    $200 21
3 uncles

Jerry
    $200 1
(Steve: [Beginning the round] Well, I used to sell it, let's go to WATER for $200.)

liquid

Steve
    $400 9
the telescope

Bruce
    $400 25
The Crusades

Jerry
    $400 4
(Steve: Who is a Supreme Court justice, [*]?)

Chief Justice of the Supreme Court

Steve
    $400 17
Masters & Johnson

Jerry
    $400 23
Unusual

Steve
    $400 2
(Bruce: What is evaporation?)
(Steve: What is condensation?)

distillation

SteveBruceJerry
    $600 8
Thomas Edison

Steve
    $600 26
Avignon

Jerry
    $1,600 5
the Senate (or the House of Representaitves, but only during a speech or a debate)

Steve
    $600 18
Love is a Many-Splendored Thing

Jerry
    $600 24
Urban

Jerry
    $600 7
surface tension

Bruce
    $800 10
pinball machines

Triple Stumper
    $800 27
John Knox

Jerry
    $800 6
the 21st amendment, repealing Prohibition

Triple Stumper
    $800 19
(Steve: What is "Loving"?)

"The Art of Loving"

SteveBruce
    $800 29
(Alex: And the last one [the end-of-round signal sounds], we won't have a chance to... get to it, and that's where the other Daily Double was.)

umpire

Bruce
    $800 12
pipe decay (rusty pipes)

Steve
    $1000 11
a perpetual motion machine

Triple Stumper
    $1000 28
Druidism

Triple Stumper
    $1000 15
treaties

Triple Stumper
    $1000 20
charity

Triple Stumper
    $1000 14
cooling

Bruce

Scores at the end of the Double Jeopardy! Round:

Steve Bruce Jerry
$5,200 $7,100 $7,000

[wagering suggestions for these scores]

Final Jeopardy! Round responses

THE AMERICAS
SteveWhat is Managua?
$4,600
JerryWhat is Mexico City?
$5,401
BruceWhat is Quito?
$2,001
Mexico City

Final scores:

Steve Bruce Jerry
$600 $5,099 $12,401

Cumulative scores:

Steve Bruce Jerry
$5,100 $9,399 $18,501
2nd runner-up: $5,100 1st runner-up: $9,399 Tournament champion: $100,000

Game dynamics:

Coryat scores:

Steve Bruce Jerry
$4,200 $7,100 $7,000
15 R
(including 1 DD),
2 W
20 R
(including 1 DD),
1 W
17 R,
0 W

Combined Coryat: $18,300

The J! Archive is created by fans, for fans. The Jeopardy! game show and all elements thereof, including but not limited to copyright and trademark thereto, are the property of Jeopardy Productions, Inc. and are protected under law. This website is not affiliated with, sponsored by, or operated by Jeopardy Productions, Inc. Join the discussion at JBoard.tv.